| 000 | nam a22 a 4500 | ||
|---|---|---|---|
| 999 |
_c626 _d626 |
||
| 003 | AKMAL | ||
| 005 | 20170504133926.0 | ||
| 008 | 170504s1996 my 00 may d | ||
| 020 |
_a983720270X (kkt.): _cRM17.50 |
||
| 040 |
_aAKMAL _cAKMAL |
||
| 041 | 1 |
_aeng _hmay |
|
| 049 | 0 | 0 | _amal |
| 082 | 0 | 4 |
_a158 BON _221 |
| 090 | 0 | 0 |
_a158 _bBON |
| 090 | 2 | 0 |
_a158 _bBON |
| 100 | 1 |
_aDe Bono, Edward, _d1933- _91066 |
|
| 245 | 1 | 0 |
_aBuku panduan untuk revolusi positif / _cEdwad de Bono ; penterjemah Sherina |
| 250 | _aEd. Malaysia | ||
| 260 |
_aKuala Lumpur : _bGolden Books Centre, _c1996 |
||
| 300 | 0 | 0 |
_axiv, 158ms. : _bil. ; _c19cm |
| 500 | _aTerjemahan dari: Handbook for the positive revolution | ||
| 650 | 0 |
_aSelf-realization (Psychology) _xSocial aspects _91311 |
|
| 650 | 0 |
_aSocial change _xPsychological aspects _91312 |
|
| 650 | 0 |
_aInterpersonal conflict _91215 |
|
| 700 | 0 |
_aSherina _91080 |
|
| 942 |
_2ddc _cBOOK |
||